Soudobá architektonická kritika /

Hlavní autor: Sedláková, Radomíra, 1950-
Jazyk: Čeština
Vydáno: Praha : Výzkumný ústav výstavby a architektury, 1981
Vydání: 1. vyd.
Témata:
Fyzický popis: 118 s. : il., fot. ; 29 cm
Knihy
Uloženo v:
LEADER 00831nam a22002652a 4500
001 000921723
003 CZ BrMZK
005 20081119091949.0
007 ta
008 081119s1981 xr a er|||||||||||cze d
020 |q (Brož.) 
035 |a (OCoLC)39562946 
040 |a ABA001  |b cze  |d BOA001 
080 9 |a 72 
100 1 |a Sedláková, Radomíra,  |d 1950-  |7 jn20000620328  |4 aut 
245 1 0 |a Soudobá architektonická kritika /  |c Radomíra Valterová 
250 |a 1. vyd. 
260 |a Praha :  |b Výzkumný ústav výstavby a architektury,  |c 1981 
300 |a 118 s. :  |b il., fot. ;  |c 29 cm 
500 |a V tiráži vročení 1982 
910 |a BOA001  |b 4-0861.213 
964 |a Architektonická kritika 
990 |a BK 
991 |b 200811 
996 6 |b 2619340061  |c 4-0861.213  |l MZK  |r Sklad / do 1 hodiny  |n 5  |w 000921723  |u 000010  |a 1  |e BOA001  |j MZK50  |s P